Návrh a realizácia webovej aplikácie pre žreb turnajovej súťaže
Saved in:
| Main Author: | |
|---|---|
| Other Authors: | |
| Format: | Manuscript Book |
| Language: | Slovak |
| Published: |
Bratislava :
STU v Bratislave FEI,
2024
|
| Subjects: | |
| Online Access: | https://opac.crzp.sk/?fn=detailBiblioFormChildUG5AL&sid=DDCD2C6FBCAD481F294EC1B200E4&seo=CRZP-detail-kniha |
| Tags: |
No Tags, Be the first to tag this record!
|
MARC
| LEADER | 00000ntm a22000003a 4500 | ||
|---|---|---|---|
| 001 | stuzp96889 | ||
| 003 | SK-STU | ||
| 005 | 20250409134443.1 | ||
| 007 | ta | ||
| 008 | 150427s2015----xo-----f-mn---000-0-slo-d | ||
| 040 | |a STU |b slo | ||
| 041 | 0 | |a slo | |
| 044 | |a xo | ||
| 100 | 1 | |a Malý, Viktor |u 035000 |4 aut |U FEI Fakulta elektrotechniky a informatiky |T FEI Ústav informatiky a matematiky |X 115087 |U E050 |Y 816 |7 115087 | |
| 242 | 0 | 1 | |a Design and implementation of a web application for a draw of a tournament competition |y eng |
| 245 | 1 | 0 | |a Návrh a realizácia webovej aplikácie pre žreb turnajovej súťaže |
| 260 | |a Bratislava : |b STU v Bratislave FEI, |c 2024 | ||
| 300 | |a 66 s. | ||
| 650 | 4 | |a HTML |2 slo | |
| 650 | 4 | |a CSS |2 slo | |
| 650 | 4 | |a Správa turnajov |2 slo | |
| 650 | 4 | |a Vývoj aplikácií |2 slo | |
| 650 | 4 | |a JavaScript |2 slo | |
| 650 | 4 | |a Webové technológie |2 slo | |
| 650 | 4 | |a React |2 slo | |
| 650 | 4 | |a Firebase |2 slo | |
| 650 | 4 | |a Application Development |2 eng | |
| 650 | 4 | |a HTML |2 eng | |
| 650 | 4 | |a JavaScript |2 eng | |
| 650 | 4 | |a React |2 eng | |
| 650 | 4 | |a Firebase |2 eng | |
| 650 | 4 | |a CSS |2 eng | |
| 650 | 4 | |a Tournament Management |2 eng | |
| 650 | 4 | |a Web Technologies |2 eng | |
| 700 | 1 | |a Cigánek, Ján |u 030400 |k Z1 |4 ths |U FEI Fakulta elektrotechniky a informatiky |T FEI Ústav automobilovej mechatroniky |X 10327 |U E400 |Y 642 |7 10327 | |
| 856 | 4 | |u https://opac.crzp.sk/?fn=detailBiblioFormChildUG5AL&sid=DDCD2C6FBCAD481F294EC1B200E4&seo=CRZP-detail-kniha | |